000 01164nam a2200277 a 4500
001 45414
003 BD-RjUL
005 20211209054017.0
008 160726s2016 bg a b 000 0 beno
020 _a9789841107680
_c: Tk. 180.00
035 _a(BD-RjUL)45532
040 _aDLC
_cDLC
_dBD-RjUL
_bben
041 0 _aben
082 0 4 _223
_a297.26
_bSII 2016
100 _aছিদ্দিকী, মোহাম্মদ মুহিবউল্যাহ
_9139049
245 1 0 _aইসলাম, বিজ্ঞান ও সমাজ /
_cমোহাম্মদ মুহিবউল্যাহ ছিদ্দিকী
260 _aঢাকা:
_bআহমদ পাবলিশিং হাউস,
_c২০১৬
300 _a৯৫, [১], পৃ. ;
_c২২ সেমি.
504 _aনির্বাচিত গ্রন্থপঞ্জী সংযুক্ত
600 _y
_9139069
650 _aইসলাম ও নাগরিক সমাজ
_9139051
650 _aIslam and Civil Society
_9139068
650 _aইসলাম ও বিজ্ঞান
_9135370
650 _aIslam and Science
_9135371
942 _cBK
_2ddc
_013
999 _c45414
_d45414